| 000 | 00734nam a2200169 i 4500 | ||
|---|---|---|---|
| 001 | 125562 | ||
| 003 | ES-MaACL | ||
| 007 | t| | ||
| 008 | 070619s1959 sp ||||1| spa d | ||
| 080 | _a336.215.32(46)"1958/1959" | ||
| 100 | 1 |
_aSantos Pastor, Angel. _9103521 |
|
| 245 | 1 | 0 |
_aPago de rentas en los contratos de arrendamientos rústicos para el año agrícola 1958-59 _b: repercusión de contribuciones y otros impuestos : apéndice a la obra "Propietarios - colonos - inquilinos", Tomo I: Arrendamientos rústicos / _cAngel Santos Pastor. |
| 260 |
_aValladolid : _bSever-Cuesta, _c1959. |
||
| 300 |
_a33 p. ; _c24 cm. |
||
| 650 | 1 | 4 |
_aImpuesto sobre la renta de las personas físicas- _zEspaña. _913627 |
| 852 |
_aES-MaACL _jE-4012 |
||
| 999 |
_c125562 _d125562 |
||